| 000 | 00639nas a22002057i 4500 | ||
|---|---|---|---|
| 001 | 6192 | ||
| 003 | OSt | ||
| 005 | 20170126082353.0 | ||
| 007 | tu | ||
| 008 | 161220s xxu||||| |||| 00| 0 d | ||
| 022 | _a1211-0205 | ||
| 024 | 7 |
_a6192 _2RID |
|
| 024 | 7 |
_a6192 _2RSN (alt) |
|
| 040 | _cOSt | ||
| 245 | 0 | 0 | _aTransitions |
| 260 |
_aPrag : _bInstitut novinarstvi transformacnich zemi. |
||
| 110 | 2 | _aInstitut novinarstvi transformacnich zemi | |
| 866 | 0 | _u1995 1/3 - 1999 6/3 | |
| 866 | 0 | _uEinzeltitel nicht einzeln erfasst<br><br>Bestände unvollständig<br>vorhanden:<br>1995 1/3 - 1999 6/3<br><br>fehlend:<br>1995 1/20<br>1996 2/5<br>1997 4/5 | |
| 942 | _cJ | ||
| 999 |
_c5828 _d5828 |
||